000
00295 a2200121 4500
003
Nust
005
20170207154019.0
040
_c
Nust
082
_a
004.122
245
_a
Developing Windows-Based Applications-(EBOOK)
_c
microsoft net
650
_a
Developing Windows-Based Applications
651
_a
EBOOK
942
_2
ddc
_c
BK
999
_c
191592
_d
191592